Investigación de mercados: texto y casos
Gorde:
| Egile Nagusiak: | , |
|---|---|
| Formatua: | Liburua |
| Hizkuntza: | gaztelania |
| Argitaratua: |
Ciudad de México
UTEHA
1969
|
| Gaiak: | |
| Etiketak: |
Etiketa erantsi
Etiketarik gabe, Izan zaitez lehena erregistro honi etiketa jartzen!
|
MARC
| LEADER | 00000nam a2200000 a 4500 | ||
|---|---|---|---|
| 001 | UCX7489 | ||
| 003 | CL-VaPUC | ||
| 008 | 931213e19690000MX |||||||||||||||||spa|d | ||
| 082 | 0 | 4 | |a 658.83 |b BOY |2 21 |
| 100 | 0 | |a Boyd, Harper W |e author |9 324344 | |
| 700 | 0 | |a Westfall, Ralph L |e author |9 324345 | |
| 245 | 1 | 0 | |a Investigación de mercados: texto y casos |
| 300 | |a 858 p | ||
| 942 | |c BK | ||
| 945 | |d 19931213 00:00:00 |a mfernand | ||
| 260 | |a Ciudad de México |b UTEHA |c 1969 | ||
| 650 | 7 | |a COMERCIALIZACION INVESTIGACIONES |2 CL-VaPUC |9 320355 | |
| 650 | 7 | |a COMERCIALIZACION ESTUDIO DE CASOS |2 CL-VaPUC |9 324346 | |
| 583 | |a last modification |c 19931213 00:00:00 |k Rodrigo Vera | ||
| 999 | |c 227297 |d 227295 | ||
| 952 | |0 0 |1 0 |4 0 |6 658_830000000000000_BOY_1969 |7 0 |8 CCM |9 226213 |a BIBCUR |b BIBCUR |d 2019-11-15 |i 2947846 |o 658.83 BOY 1969 |p 2947846 |r 2025-04-22 |w 2019-11-15 |y BK |k CIM | ||
| 952 | |0 0 |1 0 |4 0 |6 658_830000000000000_BOY_1969 |7 0 |8 A |9 226214 |a BIBALI |b BIBALI |d 2019-11-15 |i 1974947 |o 658.83 BOY 1969 |p 1974947 |r 2025-01-20 |w 2019-11-15 |y BK |k ALI | ||
| 952 | |0 0 |1 0 |4 0 |6 658_830000000000000_BOY_1969 |7 0 |8 A |9 226215 |a BIBENE |b BIBENE |d 2019-11-15 |i 1412833 |o 658.83 BOY 1969 |p 1412833 |r 2025-01-15 |w 2019-11-15 |y BK |k ICO | ||
| 952 | |0 0 |1 0 |4 0 |6 658_830000000000000_BOY_1969 |7 0 |8 A |9 226216 |a BIBENE |b BIBENE |d 2019-11-15 |i 1412884 |o 658.83 BOY 1969 |p 1412884 |r 2025-01-15 |w 2019-11-15 |y BK |k ICO | ||